书目信息 |
| 题名: |
国家自主创新示范区建设政策与立法研究
|
|
| 作者: | 周洪宇 著 | |
| 分册: | ||
| 出版信息: | 北京 人民出版社 2014 |
|
| 页数: | 315页 | |
| 开本: | 24cm | |
| 丛书名: | ||
| 单 册: | ||
| 中图分类: | F127.9 | |
| 科图分类: | ||
| 主题词: | 高技术开发区--Gao Ji Shu Kai Fa Qu--经济政策--研究--中国 , 高技术开发区--Gao Ji Shu Kai Fa Qu--立法--研究--中国 | |
| 电子资源: | ||
| ISBN: | 978-7-01-014148-0 | |
| 000 | 01145nam0 22002531 450 | |
| 001 | 350599 | |
| 005 | 20161011153338.89 | |
| 010 | @a978-7-01-014148-0@dCNY43.00 | |
| 100 | @a20150126d2014 em y0chiy50 ea | |
| 101 | 0 | @achi |
| 102 | @aCN@b110000 | |
| 105 | @aa z 001yy | |
| 106 | @ar | |
| 200 | 1 | @a国家自主创新示范区建设政策与立法研究@AGuo Jia Zi Zhu Chuang Xin Shi Fan Qu Jian She Zheng Ce Yu Li Fa Yan Jiu@f周洪宇等著 |
| 210 | @a北京@c人民出版社@d2014 | |
| 215 | @a315页@c图@d24cm | |
| 300 | @a湖北省“十二五”软科学重点课题研究成果 | |
| 330 | @a本书从国家自主创新示范区建设的理论基础入手,运用科技园区、创新体系、区域发展等理论,分别对世界先进高科技园区及国内几个主要国家自主创新示范区的建设发展进行了比较研究,分析了国家自主创新示范区建设政策和立法现状,结合国内外创新政策和立法活动的经验,提出了中国国家自主创新示范区建设政策建议和立法建议。 | |
| 606 | 0 | @a高技术开发区@AGao Ji Shu Kai Fa Qu@x经济政策@x研究@y中国 |
| 606 | 0 | @a高技术开发区@AGao Ji Shu Kai Fa Qu@x立法@x研究@y中国 |
| 690 | @aF127.9@v5 | |
| 701 | 0 | @a周洪宇@AZhou Hong Yu@f(1958~)@4著 |
| 801 | 0 | @aCN@bTANGWEI@c20160805 |
| 905 | @b0890840-4@dF127.9@e269@f5 | |
| 国家自主创新示范区建设政策与立法研究/周洪宇等著 .-北京:人民出版社,2014 |
| 315页:图;24cm |
| 湖北省“十二五”软科学重点课题研究成果 |
| ISBN 978-7-01-014148-0:CNY43.00 |
| 本书从国家自主创新示范区建设的理论基础入手,运用科技园区、创新体系、区域发展等理论,分别对世界先进高科技园区及国内几个主要国家自主创新示范区的建设发展进行了比较研究,分析了国家自主创新示范区建设政策和立法现状,结合国内外创新政策和立法活动的经验,提出了中国国家自主创新示范区建设政策建议和立法建议。 |
| ● |
| 相关链接 |
|
|
|
|
正题名:国家自主创新示范区建设政策与立法研究
索取号:F127.9/269
 
预约/预借
| 序号 | 登录号 | 条形码 | 馆藏地/架位号 | 状态 | 备注 |
| 1 | 0890840 | 208908404 | 第一样本阅览室/ [索取号:F127.9/269] | 在馆 | |
| 2 | 0890841 | 208908413 | 密集书库-史法系/ [索取号:F127.9/269] | 在馆 | |
| 3 | 0890842 | 208908422 | 第一借阅区/ [索取号:F127.9/269] | 在馆 | |
| 4 | 0890843 | 208908431 | 第一借阅区/ [索取号:F127.9/269] | 在馆 | |
| 5 | 0890844 | 208908440 | 第一借阅区/ [索取号:F127.9/269] | 在馆 |